000 00537cam a22001934a 4500
005 20250605164159.0
008 250528s ||||||||||||||||||||||||d
035 _a19716
020 _a9606300595
040 _aGR-AtMCL
_bgre
_dGR-AtMCL
_eAACR2
245 1 _aΗΛΕΚΤΡΟΝΙΚΗ ΑΝΑΛΥΣΗ ΚΑΙ ΣΧΕΔΙΑΣΗ ΚΥΚΛΩΜΑΤΩΝ ΤΟΜΟΣ ΙΙ
250 _a1
260 _bΑϊβαζη,
_c2004
300 _a412
700 1 _aΚοντολεων Ι.Μ
_95918
942 _cBK
999 _c4972
_d4972